000 00454nam a2200169 4500
001 116405
003 ES-MaACL
005 20230906190711.0
007 t|
008 061121s1971 sp r ||||1| spa d
100 1 _aParra, Gregorio.
_989228
245 1 0 _aTiempo diverso /
_cGregorio Parra.
260 _aMadrid :
_bAlfaguara,
_c1971.
300 _a51 p. ;
_c22 cm.
852 _aES-MaACL
_jC-41112
_bR.78292
852 _aES-MaACL
_j2080-F-16
_bR.77429
999 _c116405
_d116405